Verdade e política (Registo nº 46770)

Detalhes MARC
000 -Etiqueta do registo
campo de controlo de comprimento fixo 007430000a22002290004500
001 - Identificador do registo
Campo de controlo 46770
010 ## - ISBN
Número (ISBN) 972-680-633-X
100 ## - Dados Gerais de Proc.
Dados gerais de processamento 20150127d1961 k y0pory5003 ba
101 0# - Língua da publicação
Língua do texto, banda sonora, etc. Português
102 ## - País de Publicação
País de publicação Portugal
200 1# - Título
Título próprio Verdade e política
Informação de outro título texto integral: 12.º - Ensino Secundário
Primeira menção de responsabilidade Hannah Arendt
Outras menções de responsabilidade tradução, apresentação e guião analítico Luís Lourenço
210 ## - Publicação, Distribuição
Lugar da edição, distribuição, etc. Lisboa
Nome do editor, distribuidor, etc. Lisboa Editora
Data da publicação, distribuição, etc. 2005
215 ## - Descrição física
Descrição física 159 p.
304 ## - Título e responsabilidade
Texto da nota Tít. orig.: "Truth and politics"...
606 ## - Nome comum
Elemento de entrada Política
606 ## - Nome comum
Elemento de entrada Manual
675 ## - CDU
Notação 32
Língua da edição Português
675 ## - CDU
Notação 321(042)
Edição BN
Língua da edição Português
700 #1 - Responsabilidade principal
Palavra de ordem Arendt
Outra parte do nome Hannah
Datas 1906-1975
702 #1 - Responsabilidade secundária
Koha Internal Code 28596
Código de função Outro
Palavra de ordem Lourenço
Outra parte do nome Luís
090 ## - Números de controlo do sistema (Koha)
Número biblioitem do Koha (gerado automaticamente) 46770
942 ## - Elementos de entrada adicionados (Koha)
Tipo de item no Koha Monografias
Suprimido Disponível no OPAC
999 ## - Campo local
Campo local 46770
Exemplares
Removido (estado) Perdido (estado) Data de aquisição Origem do registo (biblioteca) (codificado) Código da organização que empresta ou é detentora (biblioteca) Código de barras Número de inventário Cota Tipo de circulação (não pode ser emprestado) Tipo de item e material Data da publicação, distribuição, etc.
Disponível Disponível 1961-01-01 Biblioteca da Escola Secundária Dr. Jorge Augusto Correia Biblioteca da Escola Secundária Dr. Jorge Augusto Correia BESJAC11285 11285 32 ARE Normal Monografias 2005